000 00428nam a2200157 i 4500
001 21891
003 ES-MaACL
005 20230906152551.0
007 t|
008 021128s1952 sp ||||1| spa d
100 1 _aAlemán Sainz, Francisco.
_919722
245 1 3 _aLa vaca y el sarcófago /
_cFrancisco Alemán Sáiz.
260 _a[Murcia :
_bs.n.,
_c1952] (
_fGuirao)
300 _a96 p. ;
_c19 cm.
852 _aES-MaACL
_jD-8343
999 _c21891
_d21891